01040 a2200181 45000010006000000050017000060080041000230030015000640400040000790800035001192450101001540200018002552640029002733000024003025050499003260410008008251000025008333642120260407155639.0260407a1979 arg spa dAR-UNSa-BCEJYS aAR-UNSa-BCEJYSbspacAR-UNSa-BCEJYS a35xAdministración Pública10aLos alcances de la administración públicapproblemas de implantación y control de sistemas a968-18-0124-5 1aMéxico :bLimusac1979 axii, 263 p.c23 cm. a1. La administración perfecta - 2. Tipos de límites administrativos - 3. Casos de estudio número uno: contratación y suministro - 4. La clasificación y sus límites - 5. Aprendizaje y contraaprendizaje - 6. Caso de estudio número dos: Impuestos a los especuladores de terrenos - 7. Tipo de control administrativo - 8. Análisis de control en las organizaciones - 9. Los límites del control - 10. Caso de estudio número tres: Impuestos al apostador - 11. Resumen y conclusión aspa1 aHood, Christopher C.